Cultures of intimacy and care beyond' the family: personal life and social change in the early 21st century /

محفوظ في:
التفاصيل البيبلوغرافية
المؤلف الرئيسي: Roseneil, Sasha
مؤلفون آخرون: Budgeon, Shelley
التنسيق: نص
الوسوم: إضافة وسم
لا توجد وسوم, كن أول من يضع وسما على هذه التسجيلة!

MARC

LEADER 00000 a a2200000 04500
001 4710
003
040
100 |a Roseneil, Sasha  
245 |a Cultures of intimacy and care beyond' the family:   |b personal life and social change in the early 21st century /  |c Sasha Roseneil 
500 |a Resumen también en francés y español en páginas 291-292  
700 |a Budgeon, Shelley  
773 |g volumen 52, número 2; páginas 135-159  
999 |c 39756  |d 39756